Le sabotage / (Record no. 106037)

MARC details
000 -LEADER
campo de control de longitud fija 00745nam a2200229 i 4500
001 - NÚMERO DE CONTROL
campo de control 106037
003 - IDENTIFICADOR DE NÚMERO DE CONTROL
campo de control ES-MaACL
005 - FECHA Y HORA DE LA ÚLTIMA TRANSACCIÓN
campo de control 20230906184035.0
007 - CAMPO FIJO DE DESCRIPCIÓN FÍSICA--INFORMACIÓN GENERAL
campo de control de longitud fija t|
008 - DATOS DE LONGITUD FIJA--INFORMACIÓN GENERAL
campo de control de longitud fija 060922s1911 fr ||||1| fre d
080 ## - NÚMERO DE LA CLASIFICACIÓN DECIMAL UNIVERSAL
Número de la Clasificación Decimal Universal 331.893.1
100 1# - ENTRADA PRINCIPAL--NOMBRE DE PERSONA
Nombre de persona Pouget, Emile.
9 (RLIN) 93426
245 13 - MENCIÓN DEL TÍTULO
Título Le sabotage /
Mención de responsabilidad, etc. Emile Pouget.
260 ## - PUBLICACIÓN, DISTRIBUCIÓN, ETC.
Lugar de publicación, distribución, etc. Paris :
Nombre del editor, distribuidor, etc. Marcel Rivière,
Fecha de publicación, distribución, etc. [1911?]
300 ## - DESCRIPCIÓN FÍSICA
Extensión 68 p. ;
Dimensiones 18 cm.
490 1# - MENCIÓN DE SERIE
Mención de serie Bibliothèque du mouvement prolétarien ;
Designación de volumen o secuencia 13
650 #4 - PUNTO DE ACCESO ADICIONAL DE MATERIA--TÉRMINO DE MATERIA
Término de materia o nombre geográfico como elemento de entrada Sabotaje.
9 (RLIN) 16958
830 1# - PUNTO DE ACCESO ADICIONAL DE SERIE-TÍTULO UNIFORME
Título uniforme Bibliothèque du mouvement prolétarien ;
Designación de volumen o secuencia 13
9 (RLIN) 187394
852 4# - LOCALIZACIÓN
Ubicación ES-MaACL
Número de control de estantería AND-731
Nota libre - Biblioteca Juan Andrade
852 4# - LOCALIZACIÓN
Ubicación ES-MaACL
Número de control de estantería T-1217-F-3
Nota libre - Enc. en un vol. facticio, conservando cub. original
Holdings
Estatus retirado Estado de pérdida Estado de daño No para préstamo Colección Biblioteca de origen Biblioteca actual Ubicación en estantería Fecha de adquisición Fuente de adquisición Total de préstamos Signatura topográfica completa Código de barras Visto por última vez Precio de reemplazo Tipo de ítem Koha
        Colección de folletos Biblioteca del Ateneo de Madrid Biblioteca del Ateneo de Madrid Depósito folletos 03/09/2015     T-1217-F-3 1194127 23/02/2023 23/02/2023 Folleto
          Biblioteca del Ateneo de Madrid Biblioteca del Ateneo de Madrid Depósito 2 17/01/2008     AND-731 1110699 23/02/2023 23/02/2023 Libro impreso